000 00468nam a2200193Ia 4500
005 20240823035912.0
008 240823s9999||||xx |||||||||||||| ||und||
020 _a81-224-0984-9
041 _aENGLISH
082 _A621.4021 N6
100 _aSomasundaram S L
245 0 _aEngineering ThermoDynamics
250 _a1st
260 _c1996
_b"New Age,New Delhi"
500 _aTRANSFERED
650 _aThermodynamics
_bMechanical
942 _cBK
999 _c201799
_d201799